Amanda Pig and the really hot day / (Record no. 2948)

MARC details
000 -LEADER
fixed length control field 00978cam a2200301 a 4500
005 - DATE AND TIME OF LATEST TRANSACTION
control field 20240126104653.0
020 ## - INTERNATIONAL STANDARD BOOK NUMBER
International Standard Book Number 0803728875
040 ## - CATALOGING SOURCE
Original cataloging agency DLC
Transcribing agency DLC
Modifying agency DLC
Language of cataloging eng
050 00 - LIBRARY OF CONGRESS CALL NUMBER
Classification number PZ7.V275
100 1# - MAIN ENTRY--PERSONAL NAME
Personal name Leeuwen, Jean Van
245 10 - TITLE STATEMENT
Title Amanda Pig and the really hot day /
Statement of responsibility, etc. by Jean Van Leeuwen ; pictures by Ann Schweninger.
250 ## - EDITION STATEMENT
Edition statement Published in 2011
260 ## - PUBLICATION, DISTRIBUTION, ETC.
Place of publication, distribution, etc. New York :
Name of publisher, distributor, etc. Penguin Group ;
Date of publication, distribution, etc. 2005
300 ## - PHYSICAL DESCRIPTION
Extent 48 pages :
Other physical details color illustrations ;
Dimensions 24 cm.
490 ## - SERIES STATEMENT
Series statement Oliver and Amanda Pig
Volume/sequential designation Book 3
500 ## - GENERAL NOTE
General note "Level 2"--P. [4] of cover.
505 ## - FORMATTED CONTENTS NOTE
Formatted contents note J <br/>
520 ## - SUMMARY, ETC.
Summary, etc. Amanda Pig and her family and friends try to find different ways to beat the heat.
521 0# - TARGET AUDIENCE NOTE
Target audience note 480 <br/>
Source Lexile <br/>
521 0# - TARGET AUDIENCE NOTE
Target audience note J <br/>
Source Raz-Plus <br/>
650 #1 - SUBJECT ADDED ENTRY--TOPICAL TERM
Topical term or geographic name entry element Pigs
Form subdivision Fiction.
650 #1 - SUBJECT ADDED ENTRY--TOPICAL TERM
Topical term or geographic name entry element Heat
Form subdivision Fiction.
650 #1 - SUBJECT ADDED ENTRY--TOPICAL TERM
Topical term or geographic name entry element Family life
Form subdivision Fiction.
700 1# - ADDED ENTRY--PERSONAL NAME
Personal name Schweninger, Ann
Relator term illustrator
906 ## - LOCAL DATA ELEMENT F, LDF (RLIN)
a 7
b cbc
c orignew
d 1
e ecip
f 20
g y-gencatlg
942 ## - ADDED ENTRY ELEMENTS (KOHA)
Source of classification or shelving scheme Dewey Decimal Classification
Koha item type Books
Suppress in OPAC No
999 ## -
-- 2948
-- 2948
Holdings
Withdrawn status Lost status Source of classification or shelving scheme Damaged status Not for loan Collection Home library Current library Shelving location Date acquired Total Checkouts Full call number Barcode Date last seen Date last checked out Copy number Price effective from Koha item type
    Dewey Decimal Classification     Juvenile Fiction Footprints International School Library Network Toul Kork Campus Footprints International School Library Network Toul Kork Campus TK Primary Library Room(4th Floor), Bookcase 7, Shelves 57-60, Dark Green Books 01/25/2024 1 LEE PZ7.V275 FISTK01333 03/12/2024 03/05/2024 1 01/25/2024 Books
    Dewey Decimal Classification     Juvenile Fiction Footprints International School Library Network Toul Tom Poung Campus Footprints International School Library Network Toul Tom Poung Campus TTP Primary Green Bookshelves 08/06/2025   LEE PZ7.V275 FIS03065 08/06/2025   2 08/06/2025 Books